| 000 | 00375nam a22001457a 4500 | ||
|---|---|---|---|
| 999 |
_c8035 _d8035 |
||
| 003 | OSt | ||
| 005 | 20200619162431.0 | ||
| 008 | 200619b ||||| |||| 00| 0 eng d | ||
| 020 | _a9789881566201 | ||
| 082 |
_a728.509 _bSUN |
||
| 110 | _aSun, Jianhua (Editor) | ||
| 245 | _aHotels & clubs | ||
| 260 |
_aHong Kong _bDesign Media Publishing Ltd; Sew edition _c 2013 |
||
| 942 | _2ddc | ||